Trouvez le compositeur de ce film - Statistiques

Statistiques générales
  • Ce quiz a été pris 43 fois
    26 depuis la dernière actualisation
  • Le résultat moyen est 10 sur 42
Statistiques - réponses
Hint Réponse % Correct
Il était une fois dans l'Ouest Ennio Morricone
68%
Gladiator Hans Zimmer
68%
Le bon la brute et le truand Ennio Morricone
64%
Les dents de la mer John Williams
64%
Pirates des caraibes Hans Zimmer
59%
Titanic James Horner
50%
Le Seigneur des anneaux Howard Shore
45%
Avatar James Horner
45%
The Grand Budapest Hotel Alexandre Desplat
41%
L'étrange Noël de Mr Jack Danny Elfman
41%
Maman j'ai raté l'avion John Williams
41%
Hook John Williams
41%
Le fabuleux destin d'Amélie Poulain Yann Tiersen
41%
Le parrain Nino Rota
32%
Retour vers le futur Alan Silvestri
27%
Les chariots de feu Vangelis
27%
Psychose Bernard Hermann
23%
Alien Jerry Goldsmith
23%
Le voyage de Chihiro Joe Hisaishi
23%
Le château ambulant Joe Hisaishi
23%
West Side Story Leonard Bernstein
23%
Goldfinger John Barry
18%
Out of Africa John Barry
18%
Le cercle des poètes disparus Maurice Jarre
18%
Les évadés Thomas Newman
14%
Predator Alan Silvestri
9%
Citizen Kane Bernard Hermann
9%
Will Hunting Danny Elfman
9%
Seven Howard Shore
9%
Autant en emporte le vent Max Steiner
9%
Casa Blanca Max Steiner
9%
La vie est belle Nicola Piovani
9%
Goodbye Lennin Yann Tiersen
9%
La momie Jerry Goldsmith
5%
La la land Justin Hurwitz
5%
American Beauty Thomas Newman
5%
My Fair Lady André Prévin
0%
Independance Day David Arnold
0%
Meurt un autre jour David Arnold
0%
Waterworld James-Newton Howard
0%
Le sixième sens James-Newton Howard
0%
Ghost Maurice Jarre
0%
Aucun quiz correspondant
Distribution des résultats
% des personnes avec chaque résultat
Percentile par nombre de réponses
Votre historique - résultats
Vous n’avez pas pris ce quiz depuis la dernière actualisation